Statistics for United Kingdom or France?

Click here to take the quiz!

General Stats

  • This quiz has been taken 479 times
  • The average score is 8 of 15

Answer Stats

QuestionAnswer% Correct
Which country is further North?United Kingdom
95%
Which country receives more tourists?France
81%
Which country has a larger economy?United Kingdom
81%
Which country has a longer national anthem?France
65%
Which country gives more foreign aid? (Percentage of GDP)United Kingdom
60%
Which country is home to more livestock?France
57%
Which country has a faster growing population?United Kingdom
53%
Which country has a higher tax revenue?France
49%
Which country has a place called Gap?France
48%
Which country has a bigger population?United Kingdom
46%
Which country has more people which identify as irreligious?France
45%
Which country has the highest foreign born population?United Kingdom
45%
Which country is closer to Japan?United Kingdom
29%
Which country has the highest life expectancy?United Kingdom
27%
Which capital city has a larger population? (Urban area)France
22%

Score Distribution

Percentile by Number Answered

Percent of People with Each Score

Your Score History

You have not taken this quiz